00000000nam 2200000zi 4500
0019.952929
003CaOODSP
00520250822080807
006m     o  d f      
007cr |n|||||||||
008250707e202508  oncabd  ob   f000 0 fre d
020 |a9780660780306
040 |aCaOODSP|bfre|erda|cCaOODSP
043 |an-cn-nf
0861 |aFs70-6/2025-037F-PDF
24500|aAnalyse de la pêche comparative à Terre-Neuve-et-Labrador - partie II.
264 1|aOttawa : |bSecrétariat canadien de consultation scientifique, |caoût 2025.
264 4|c©2025
300 |a1 ressource en ligne (22 pages) : |billustrations, cartes, graphiques.
336 |atexte|btxt|2rdacontent/fre
337 |ainformatique|bc|2rdamedia/fre
338 |aressource en ligne|bcr|2rdacarrier/fre
4901 |aAvis scientifique, |x1919-5117 ; |v2025/037
500 |aPublié aussi en anglais sous le titre : Newfoundland and Labrador comparative fishing analysis - part II.
500 |aTitre de départ.
504 |aComprend des références bibliographiques (pages 20-21).
650 0|aDragage (Pêches)|zTerre-Neuve-et-Labrador.
650 6|aChalutage|zTerre-Neuve-et-Labrador.
7102 |aSecrétariat canadien de consultation scientifique, |eorganisme de publication.
7101 |aCanada. |bMinistère des pêches et des océans. |bRégion de Terre-Neuve et du Labrador, |eorganisme de publication.
77508|tNewfoundland and Labrador comparative fishing analysis - part II.|w(CaOODSP)9.952927
830#0|aAvis scientifique (Secrétariat canadien de consultation scientifique)|v2025/037.|w(CaOODSP)9.502624
85640|qPDF|s1.63 Mo|uhttps://publications.gc.ca/collections/collection_2025/mpo-dfo/fs70-6/Fs70-6-2025-037-fra.pdf